Droit des suretés

Đã lưu trong:
Bibliografiske detaljer
Hovedforfatter: Cabrillac, Michel
Format: Bog
Sprog:Undetermined
Udgivet: Paris Litec 1990
Fag:
Tags: Tilføj Tag
Ingen Tags, Vær først til at tagge denne postø!
Thư viện lưu trữ: Trung tâm Học liệu Trường Đại học Cần Thơ
LEADER 00472nam a2200181Ia 4500
001 CTU_63720
008 210402s9999 xx 000 0 und d
082 |a 346.44092 
082 |b C117 
100 |a Cabrillac, Michel 
245 0 |a Droit des suretés 
245 0 |c Michel Cabrillac et Christian Mouly 
260 |a Paris 
260 |b Litec 
260 |c 1990 
650 |a Security ( law ) 
904 |i Minh 
980 |a Trung tâm Học liệu Trường Đại học Cần Thơ